Á lódáil...

Sekhar: ek jeevani (Part 1)

Sonraí Bibleagrafaíochta
Príomhúdar: Ajney
Foilsithe: National Publishing
LEADER 00194 a2200097 4500
020
260 |b National Publishing 
942 |c BK  |6 _ 
245 |a Sekhar: ek jeevani (Part 1) 
100 |a Ajney 
999 |c 63134  |d 63134